31 Candles / (Record no. 22352)

000 -LEADER
fixed length control field 01114nam a2200265 4500
005 - DATE AND TIME OF LATEST TRANSACTION
control field 20260418135153.0
008 - FIXED-LENGTH DATA ELEMENTS--GENERAL INFORMATION
fixed length control field 260414b xxu||||| |||| 00| 0 eng d
040 ## - CATALOGING SOURCE
Transcribing agency Cagayan State University
082 ## - DEWEY DECIMAL CLASSIFICATION NUMBER
Classification number 791.4372
Item number T447 2025
245 ## - TITLE STATEMENT
Title 31 Candles /
Statement of responsibility, etc directed and written by Jonah Feingold ; producers, Jonah Weinstein, Hannah Welever, Cathy Glick.
260 ## - PUBLICATION, DISTRIBUTION, ETC. (IMPRINT)
Place of publication, distribution, etc United States :
Name of publisher, distributor, etc Good Trouble Films,
Date of publication, distribution, etc 2025.
300 ## - PHYSICAL DESCRIPTION
Extent 1 videofile, (ca. 90 mins.) :
Other physical details sound, color.
520 ## - SUMMARY, ETC.
Summary, etc Leo Kadner, a 30-year-old New Yorker, has a Bar Mitzvah after reconnecting with his childhood crush Eva Shapiro. To complete his Mitzvah project, Leo must deal with situationships, exes, and family while on a deadline.
546 ## - LANGUAGE NOTE
Language note In English subtitle.
650 ## - SUBJECT ADDED ENTRY--TOPICAL TERM
Topical term or geographic name as entry element Comedy
650 ## - SUBJECT ADDED ENTRY--TOPICAL TERM
Topical term or geographic name as entry element Romance
700 ## - ADDED ENTRY--PERSONAL NAME
Personal name Feingold, Jonah, director, writer and star.
700 ## - ADDED ENTRY--PERSONAL NAME
Personal name Glick, Cathy, producer.
700 ## - ADDED ENTRY--PERSONAL NAME
Personal name Welever, Hannah, producer.
700 ## - ADDED ENTRY--PERSONAL NAME
Personal name Weinstein, Jonah, producer.
700 ## - ADDED ENTRY--PERSONAL NAME
Personal name Coffey, Sarah, star.
700 ## - ADDED ENTRY--PERSONAL NAME
Personal name Amara, Djouliet, star.
700 ## - ADDED ENTRY--PERSONAL NAME
Personal name Aaron, Caroline, star.
942 ## - ADDED ENTRY ELEMENTS (KOHA)
Source of classification or shelving scheme
Item type Audio-Visual Materials
Holdings
Source of acquisition Permanent location Date last seen Not for loan Date acquired Source of classification or shelving scheme Koha item type Collection code Shelving location Damaged status Lost status Withdrawn status Current location Full call number
DonationCagayan State University - Carig Library2026-04-15 2026-04-15 Audio-Visual MaterialsElectronic Media CenterAudio Visual   Cagayan State University - Carig Library791.4372 T447 2025

Cagayan State University University Library, Carig Campus
Tuguegarao City, Cagayan 3500 | www.csucarig.edu.ph

Powered by Koha